000 00604nam a2200229Ia 4500
008 160901s9999 xx 000 0 und d
020 _a0-321-21055-7
050 _aComSc QA 76.73
050 _b.C15H36 2004
100 _aHanly, Jeri R.
245 _aProblem solving and program design in C /
245 _cJeri R. Hanly, Elliot B. Koffman.
250 _a4th Edition
260 _aUSA :
260 _bPearson Education Inc.,
260 _c2004
300 _a879 pages :
300 _bill. ;
300 _c23 cm.
500 _aIncludes index.
650 _aC (Computer program language).
999 _c300794
_d300794